000 00281nam a22001217a 4500
008 171003b xxu||||| |||| 00| 0 eng d
041 _aeng
080 _a159.9
100 _a48
101 _aPSI
245 _aPSYCHOSOCIAL BASIS OF MEDICAL PRACTICE
_cBOWDEN,CH,L
942 _2udc
_cBK
999 _c31473
_d31473